Pequeño oso y los seis ratones /

Guardado en:
Autor Principal: Wornell, Chris
Formato: Libro
Publicado: Buenos Aires : Continente, 2015
Materias:
Etiquetas: Agregar Etiqueta
Sin Etiquetas, Sea el primero en etiquetar este registro!
LEADER 00742nam a22002295a 4500
001 CEM.cems015316
005 20191111160948.0
008 130507s2015##################000#0#####d
003 CEMS
020 |a 9789507545405 
082 0 4 |a 823.9 
100 1 |a Wornell, Chris 
245 1 0 |a Pequeño oso y los seis ratones /  |c Chris Wormell ; tradcido Por Susana Tornero 
260 |a Buenos Aires :  |b Continente,  |c 2015 
300 |a 32 p. 
500 |a Título original: Scruffy bear and the six white mice 
653 |a Literatura 
653 |a Literatura inglesa 
653 |a Literatura infantil 
653 |a Cuentos infantiles 
653 |a Colección ciencias de la educación 
859 |a CEMS  |b BIB. CEMS - Ccias. Educacion  |h 823.9  |i W894  |k CE  |p 28539.19  |t Ej.1